| 000 | 00671cab a2200229 4500 | ||
|---|---|---|---|
| 001 | WB3011-16 | ||
| 008 | 090401t1994 xxu||||| |||| 00| 0 eng d | ||
| 035 | _a(Sirsi) u4592 | ||
| 041 | _aeng | ||
| 245 | _aImry to build shopping centre | ||
| 260 | _c1994 | ||
| 350 | _a0 | ||
| 490 |
_aDaily Telegraph _v16 March 1994, 30(1) |
||
| 520 | _aEurope`s biggest inner city regional shopping centre, valued at £200m, is to be built by Imry in Southampton. | ||
| 650 | _aESPLANADE | ||
| 650 | _aREGIONAL SHOPPING CENTRES | ||
| 650 | _aRETAIL WAREHOUSING | ||
| 650 | _aSHOPPING CENTRES | ||
| 690 | _aPROPERTY-PROPERTY DEVELOPMENT | ||
| 942 | _n0 | ||
| 948 | _c04/03/1997 | ||
| 999 |
_c2777 _d2777 |
||